[Event "EU-ch 2nd"]
[Site "Ohrid"]
[Date "2001.06.11"]
[Round "10"]
[White "Fedorov, Alexei"]
[Black "Ermenkov, Evgenij"]
[Result "1-0"]
[WhiteElo "2590"]
[BlackElo "2478"]
[Annotator "Ermenkov,E"]
[PlyCount "81"]
[EventDate "2001.06.01"]
[EventType "swiss"]
[EventRounds "13"]
[EventCountry "YUG"]
[SourceTitle "CBM 084"]
[Source "ChessBase"]
[SourceDate "2001.09.13"]
[SourceVersion "1"]
[SourceVersionDate "2001.09.13"]
[SourceQuality "1"]

1. e4 c5 2. Nf3 d6 3. d4 cxd4 4. Nxd4 Nf6 5. Nc3 a6 6. f3 {More and more
people are starting to use this so-called English Attack.} e6 7. Be3 b5 8. g4 {
Here the normal order of moves is 8. Qd2. The move in the game allows an
interesting reaction from Black} Bb7 {After 8.g4 Black normally plays 8...h6,
or 8...Nfd7, if he wants to avoid playing h6 at all. I decided to play in the
oldest fashion.} (8... b4 $5 9. Nce2 h6 $5 10. Qd2 e5 11. Nf5 d5 12. O-O-O Be6)
({Kiril Georgiev won an important game with Black in the last Olympiad against
Svidler after} 8... Nfd7 9. Qd2 Nb6 10. O-O-O N8d7 11. Bg5 $5 Qc7) 9. Qd2 Nfd7
{I am from the family of "not-playing h6 at all" folk.} 10. O-O-O Nb6 11. Nb3
$5 {This is supposed to be the refutation of the premature 8..Bb7. But the
Bishop on b7 is not an active piece for Black in this system, restricted by
the pawns on f3 and e4, and it becomes a question whether it is worth for
White to spend so much time to exchange it with the excellent Knight on d4.}
N8d7 12. Na5 Qc7 13. Bf4 {Here White spent a lot of time calculating the
consequences of the eventual sacrifices on b5, but they are obviously not
correct.} Nc8 {This looks a bit ugly but is necessary since 13...e5, or 13...
b4 14.Ne2 e5 is just bad for Black. Now again White can try to sacrifice
something on b5 but all in vain.} 14. Ne2 Rb8 $1 15. Nxb7 {otherwise Black
will retreat Ba8 and Na5 will be out of action.} Rxb7 16. h4 Be7 17. Bg5 $6 {
Starting from here White obviously didn't have a clear idea how to proceed
with his attack.} Ndb6 18. Nd4 O-O 19. Kb1 Re8 $1 20. Bd3 $6 {Absolutely
inconsequent and I think even bad. White had to exchange here the dark-squared
Bishops.} Bf8 21. Qe2 Na4 22. Bc1 Ncb6 23. Ka1 g6 $1 24. h5 Nc3 $6 {In the
period of the last ten moves the position transformed from some advantage for
White into a decisive advantage for Black and now after the natural} (24... Bg7
$1 {Black would have an irresistible attack.} 25. c3 {can be answered by} Nxc3
$1 26. bxc3 Na4 {and White's position crumbles. I thought here that Black's
attack would be even more effective with a White pawn on c2, so that White
cannot use the second rank for defence with heavy pieces. In fact this is
wrong because in some lines after 24...Bg7! Black can play even for an attack
and material advantage, taking on d1 with the Knight from c3.}) 25. bxc3 Na4
26. Qe1 Bg7 27. hxg6 $1 fxg6 {In all the lines if Black had played 24...Bg7,
after such an exchange Black could have taken hg and that would mean the end
of White's counter-play.} ({while here after} 27... hxg6 {I didn't like} 28.
Bh6 Bh8 29. Bd2 $1) 28. Bf1 {So now White has some counter-play based on the
"usual" weakness of the "e6" square in the Scheveningen.} Nxc3 29. Bb2 b4 30.
g5 (30. Rh2 {might have been more useful here.}) 30... Na4 $2 ({I had about 4
minutes left here on the clock and I spent them calculating} 30... Qa5 $1 31.
Bc4 (31. Bxc3 bxc3 32. Bc4 Qa3 {is a disaster for White.}) 31... b3 $3 32. a3 {
seemed to me very unclear while in fact after} (32. Bxb3 Rxb3 {is excellent
for Black}) 32... bxc2 $1 {Black wins in all variations, for example} 33. Rd3
Reb8 34. Bxe6+ Kf8 {and White is helpless} 35. Qxc3 (35. Rxc3 Rxb2 36. Rc8+
Rxc8 37. Qxa5 Bxd4 38. Bxc8 Rb5+ 39. Ka2 Rxa5 40. Rc1 Rc5) 35... Rxb2) 31. Rh2
{Now the momentum of the attack is gone, besides I was playing here by the
rule "three+30 seconds" on the clock.} Rc8 $2 {Now the game is over since this
is a blunder, but White is probably winning anyway.} 32. Bxa6 Nxb2 33. Kxb2 Ra8
34. Bxb7 Qxb7 35. Qe2 Qc7 36. Kb1 Qc5 37. Qd3 Ra3 38. Qb5 Bxd4 39. Qe8+ Kg7 40.
Rxh7+ Kxh7 41. Qf7+ 1-0

[Event "Mitropa Cup 16th"]
[Site "Buekfuerdo"]
[Date "1995.??.??"]
[Round "9"]
[White "Fogarasi, Tibor"]
[Black "Belotti, Bruno"]
[Result "1-0"]
[WhiteElo "2500"]
[BlackElo "2405"]
[Annotator "Ernst,T"]
[PlyCount "85"]
[EventDate "1995.02.27"]
[EventType "team-tourn"]
[EventRounds "9"]
[EventCountry "HUN"]
[SourceTitle "CBM 046 Extra"]
[Source "ChessBase"]
[SourceDate "1995.07.01"]
[SourceVersion "1"]
[SourceVersionDate "1995.07.01"]
[SourceQuality "1"]

1. e4 c5 2. Nf3 d6 3. d4 cxd4 4. Nxd4 Nf6 5. Nc3 a6 6. Be3 e6 7. Qd2 b5 8. f3
Nbd7 9. g4 Nb6 10. g5 Nfd7 {[#]} 11. Bd3 $146 (11. f4 Bb7 12. a3 Nc5 13. Bg2
Nc4 14. Qe2 e5 $15 {Hatanbaatar,B-Short,N/Moskva/1994}) (11. a4 b4 $5 12. Nd1
a5 13. Bb5 Qc7 14. O-O $14 {Natali,N-Volker,B/Baden-Baden/1991}) 11... Bb7 12.
O-O-O Rc8 13. Kb1 Ne5 14. f4 Nec4 15. Bxc4 Nxc4 16. Qd3 Nxe3 17. Qxe3 {[#]} Rc4
18. Rhe1 Be7 19. h4 Qb6 20. Qd3 Qc7 21. f5 $36 b4 $2 {>< Rc4} 22. Na4 e5 23.
Nb3 f6 24. gxf6 Bxf6 25. h5 h6 26. Nb6 $1 $16 {[#]} Rxe4 27. Rxe4 Qxb6 28. Ree1
d5 {[#]} 29. Qe3 Qxe3 (29... Qc7 30. Nd4) 30. Rxe3 O-O 31. Nc5 $18 d4 32. Rg3
Bc8 33. Rf1 Be7 34. Rfg1 Bg5 35. Ne4 Bxf5 36. Nxg5 hxg5 37. Rxg5 Rf7 38. Kc1 e4
39. Rf1 Be6 40. Rxf7 Kxf7 41. Ra5 Bc4 42. Re5 e3 43. Re4 1-0

[Event "Ptuj zt"]
[Site "Ptuj"]
[Date "1995.??.??"]
[Round "15"]
[White "Grosar, Aljosa"]
[Black "Atlas, Valeri"]
[Result "1-0"]
[WhiteElo "2475"]
[BlackElo "2450"]
[Annotator "Ernst,T"]
[PlyCount "85"]
[EventDate "1995.04.??"]
[EventType "tourn"]
[EventRounds "15"]
[EventCountry "SLO"]
[EventCategory "10"]
[SourceTitle "CBM 047"]
[Source "ChessBase"]
[SourceDate "1995.08.01"]
[SourceVersion "1"]
[SourceVersionDate "1995.08.01"]
[SourceQuality "1"]

1. e4 c5 2. Nf3 d6 3. d4 cxd4 4. Nxd4 Nf6 5. Nc3 e6 6. Be3 Be7 7. f3 O-O 8. Qd2
a6 9. g4 b5 (9... Nc6) 10. O-O-O Nfd7 11. g5 {[#]} Nb6 $5 $146 (11... Bb7) 12.
Bd3 Qc7 13. Kb1 Nc4 14. Bxc4 Qxc4 15. h4 Nd7 16. g6 $1 {[#]} Bf6 (16... fxg6 $2
17. b3 $18) (16... hxg6 17. h5 $1 $40) 17. h5 Bb7 18. Qh2 {/\ 19.Qxd6, /\ 19.h6
} fxg6 19. hxg6 hxg6 20. Qxd6 $16 Ne5 {[#]} 21. Nxe6 Rfc8 22. Nc5 Rd8 23. Qc7
b4 24. f4 $1 (24. N3a4 Rxd1+ 25. Rxd1 Qe2 $13) 24... Ng4 25. Rxd8+ Rxd8 {[#]}
26. Qxb7 $2 (26. e5 $142 Nxe5 27. fxe5 Bxh1 28. exf6 Qf1+ 29. Bc1 Qxf6 30. N3e4
$16) 26... Nxe3 27. e5 bxc3 $2 (27... Bxe5 28. fxe5 bxc3 $13) 28. exf6 Qf7 29.
Qf3 Qd5 30. Ne4 Nc4 31. f7+ Kxf7 32. Ng5+ Kg8 33. Qxd5+ Rxd5 34. bxc3 Rf5 35.
Ne6 $16 Kf7 36. Re1 Nd2+ 37. Kc1 Nf3 38. Re3 Nh4 39. Ng5+ Kf8 (39... Kf6 $2 40.
Re6#) 40. Re4 Ng2 41. Ra4 a5 42. Rc4 Ke7 43. Re4+ 1-0

[Event "Olympiad-34"]
[Site "Istanbul"]
[Date "2000.11.06"]
[Round "9.1"]
[White "Svetushkin, Dmitry"]
[Black "Leitao, Rafael Duailibe"]
[Result "0-1"]
[WhiteElo "2472"]
[BlackElo "2567"]
[Annotator "Ernst,T"]
[PlyCount "58"]
[EventDate "2000.10.28"]
[EventType "team-swiss"]
[EventRounds "14"]
[EventCountry "TUR"]
[SourceTitle "EXT 2001"]
[Source "ChessBase"]
[SourceDate "2000.11.22"]
[SourceVersion "1"]
[SourceVersionDate "2000.11.22"]
[SourceQuality "1"]
[WhiteTeam "Moldova"]
[BlackTeam "Brazil"]
[WhiteTeamCountry "MDA"]
[BlackTeamCountry "BRA"]

1. e4 c5 2. Nf3 d6 3. d4 cxd4 4. Nxd4 Nf6 5. Nc3 a6 6. f3 e6 7. Be3 b5 8. g4 h6
9. Qd2 Nbd7 10. O-O-O Bb7 11. Bd3 (11. h4 $1) 11... Ne5 12. Rhe1 Qc7 13. Kb1
Be7 14. h4 Nfd7 15. g5 hxg5 16. Bxg5 Bxg5 17. Qxg5 b4 18. Nd5 exd5 19. exd5 Qd8
20. Qxg7 Qf6 21. Qxf6 Nxf6 22. f4 O-O-O 23. fxe5 dxe5 24. Nc6 $16 Bxc6 25. dxc6
Rxh4 26. Rxe5 Kc7 27. a4 (27. Ra5 $18) 27... bxa3 28. Re7+ Kxc6 29. Be4+ $4
Rxe4 0-1

[Event "Donner Memorial-B"]
[Site "Amsterdam"]
[Date "1994.??.??"]
[Round "8"]
[White "Velimirovic, Dragoljub"]
[Black "Bronstein, David Ionovich"]
[Result "0-1"]
[WhiteElo "2525"]
[BlackElo "2440"]
[Annotator "Ernst,T"]
[PlyCount "76"]
[EventDate "1994.08.??"]
[EventType "tourn"]
[EventRounds "9"]
[EventCountry "NED"]
[EventCategory "8"]
[SourceTitle "CBM 043"]
[Source "ChessBase"]
[SourceDate "1994.12.01"]
[SourceVersion "1"]
[SourceVersionDate "1994.12.01"]
[SourceQuality "1"]

1. e4 c5 2. Nf3 d6 3. d4 cxd4 4. Nxd4 Nf6 5. Nc3 a6 6. Be3 e6 7. Qd2 b5 8. f3
Nbd7 9. g4 h6 10. O-O-O Bb7 11. h4 b4 12. Nce2 d5 13. Bh3 dxe4 (13... Ne5 14.
Nf4 (14. g5 Nc4 (14... hxg5 $6 15. hxg5 Nc4 16. Qd3 dxe4 (16... Rxh3 17. Rxh3
dxe4 18. Qxc4 Bd5 19. Nxe6 Bxc4 20. Nxd8 Bxe2 21. Re1 exf3 22. gxf6 Rxd8 23.
Bb6 Kd7 (23... Rd6 24. Rxf3 $18) 24. Bxd8 Kxd8 25. Rhh1 $18) 17. Qxc4 Bd5 18.
Nxe6 Bxc4 (18... fxe6 19. Qd4 exf3 20. Nf4 (20. gxf6 $10) 20... f2 21. Nxd5
Nxd5 22. Bxe6 Rxh1 23. Rxh1 Nxe3 24. Qxe3 Qe7 25. g6 $1 $16) 19. Rxd8+ Rxd8 20.
Nc7+ Ke7 21. Bc5+ Rd6 22. gxf6+ gxf6 23. Nd4 Kd8 24. Bxd6 Bxd6 25. b3 Kxc7 26.
bxc4 Be5 27. Nf5 exf3 28. Kd2 $18) 15. Qd3 Qa5 $13 {Korneev-Ftacnik/1993/})
14... g5 15. hxg5 Nc4 16. Qe2 Qa5 17. Kb1 hxg5 18. Nfxe6 fxe6 19. Bxg5 Be7 20.
Nxe6 $16 {De La Riva-Vera/1993/}) 14. g5 hxg5 15. hxg5 exf3 16. Ng3 (16. Nf4
Ne4 17. Qe1 f2 18. Bxf2 Qxg5 19. Be3 Qh4 20. Ndxe6 $1 $14 {Anand-Beliavsky/
1993/}) 16... Ne5 $5 (16... Ne4 17. Nxe4 Bxe4 18. Nxe6 fxe6 19. Bxe6 Nc5 $3 20.
Qxd8+ Rxd8 21. Rxd8+ Kxd8 22. Rxh8 Nxe6 $19) 17. gxf6 gxf6 $13 18. Kb1 Qc7 19.
Bf4 Bd5 20. Qe3 Be7 21. Bg2 Rxh1 22. Bxh1 O-O-O 23. Nxf3 $6 Bxa2+ 24. Kc1 Rxd1+
25. Kxd1 Nc4 $1 26. Qc1 (26. Bxc7 Nxe3+ 27. Ke2 Nxc2 $17) 26... e5 27. Bh6 f5
$17 28. b3 (28. Nxf5 $2 Qd7+ $19) 28... f4 29. Nf1 (29. bxc4 fxg3 $40) 29...
Qd6+ 30. Ke2 Qxh6 31. N3d2 Qxh1 32. bxc4 e4 $19 33. Qa1 Qh5+ 34. Kf2 Bc5+ 35.
Kg2 f3+ 36. Kg3 Bd6+ 37. Kf2 Qh4+ 38. Ke3 Bc5+ 0-1

[Event "Sarajevo Bosnia 35th"]
[Site "Sarajevo"]
[Date "2005.05.25"]
[Round "6"]
[White "Timofeev, Artyom"]
[Black "Movsesian, Sergei"]
[Result "1-0"]
[WhiteElo "2622"]
[BlackElo "2628"]
[Annotator "Ftacnik,L"]
[PlyCount "65"]
[EventDate "2005.05.19"]
[EventType "tourn"]
[EventRounds "9"]
[EventCountry "BIH"]
[EventCategory "16"]
[SourceTitle "CBM 108"]
[Source "ChessBase"]
[SourceDate "2005.09.26"]
[SourceVersion "1"]
[SourceVersionDate "2005.09.26"]
[SourceQuality "1"]

1. e4 c5 2. Nf3 Nc6 3. d4 cxd4 4. Nxd4 Qc7 5. Nc3 e6 6. g3 a6 7. Bg2 d6 8. O-O
Nf6 9. a4 Be7 10. Be3 O-O 11. f4 Na5 12. Kh1 Nc4 13. Bc1 Rd8 14. Qe2 {Black
has a very active knight sitting on the c4 square, but white is not without
chances to sent him away.} (14. b3 Na5 15. Qe1 Bd7 16. Bb2 Nc6 17. Nf3 Nb4 18.
Rc1 Rac8 19. h3 Qb6 20. g4 Bc6 21. g5 Nh5 22. Nd2 e5 23. Nc4 Qc5 24. fxe5 dxe5
25. Rf5 {1-0 Babaev,R-Ginzburg,M/Tallinn 1997/ (36)}) 14... Nd7 (14... e5 15.
Nf5 Bxf5 16. exf5 d5 17. b3 Na5 18. Qxe5 Bd6 19. Qd4 Nc6 20. Qd2 Bb4 {1/2-1/2
Timofeev,A-Kempinski,R/Rethymnon 2003/ (43)}) 15. b3 Bf6 (15... Na5 16. Bb2 Nc6
17. Nxc6 bxc6 18. Rad1 Rb8 $13) 16. Qf2 Na5 (16... Qa5 17. Nce2 e5 18. Nf5 exf4
19. Ra2 Ne3 20. Nxe3 fxe3 21. Bxe3 $14) 17. Bb2 g6 $2 {[%mdl 16384] One of the
rare occasions of a horrible strategical blunder, black helps white to open up
access to his king with deadly consequences.} (17... Nc6 18. Nxc6 bxc6 19. Rad1
e5 $13) 18. f5 $1 Re8 (18... e5 19. Nd5 Qc5 20. fxg6 $18) (18... Bxd4 19. Qxd4
Ne5 20. fxg6 fxg6 21. Rad1 $16) 19. fxe6 fxe6 20. Nxe6 $1 (20. Bh3 Qc5 21.
Bxe6+ Kh8 22. Nd5 Rxe6 23. b4 Qa7 24. bxa5 $18) 20... Rxe6 21. Nd5 {Timofeev
must have enjoyed this phase of the game, white pieces are springing to life
against poorly coordinated enemy.} (21. Bh3 Re5 22. Nd5 Rxd5 23. Be6+ Kf8 24.
exd5 $18) 21... Qc5 (21... Bxb2 22. Qf7+ Kh8 23. Nxc7 $18) 22. Nxf6+ Nxf6 (
22... Rxf6 23. Bxf6 Qxf2 24. Rxf2 $18) 23. Bd4 (23. Bxf6 Qxf2 24. Rxf2 Nc6 25.
e5 $18) 23... Qc7 24. Bxf6 Nc6 25. e5 dxe5 (25... Re8 26. exd6 Qxd6 27. Bc3 Bf5
28. g4 $18) 26. Bxe5 (26. Bd5 Qd6 27. Rad1 $18) 26... Qe7 27. Bf6 Qe8 28. Bc3 {
Movsesian is lost many times over as he misses a pawn, piece coordination and
antidote to the open a1-h8 diagonal.} (28. Bd5 Nb4 29. Bxe6+ Bxe6 30. Kg1 $18)
28... Bd7 (28... Re7 29. Qf6 Ne5 30. Bd5+ $18) 29. Bd5 Ne5 30. Rae1 $1 (30.
Bxe5 Bc6 31. Qf3 Bxd5 32. Qxd5 Rd8 33. Qxb7 Rxe5 34. Qxa6 $18) 30... Bc6 31.
Rxe5 Rd8 32. Bxc6 Qxc6+ 33. Kg1 1-0

[Event "Lausanne YM 5th"]
[Site "Lausanne"]
[Date "2004.09.16"]
[Round "1.2"]
[White "Kosteniuk, Alexandra"]
[Black "Navara, David"]
[Result "0-1"]
[WhiteElo "2511"]
[BlackElo "2616"]
[Annotator "Ftacnik,L"]
[PlyCount "46"]
[EventDate "2004.09.15"]
[EventType "k.o."]
[EventRounds "3"]
[EventCountry "SUI"]
[SourceTitle "CBM 104"]
[Source "ChessBase"]
[SourceDate "2005.01.27"]
[SourceVersion "1"]
[SourceVersionDate "2005.01.27"]
[SourceQuality "1"]

1. e4 c5 2. Nf3 d6 3. d4 cxd4 4. Nxd4 Nf6 5. Nc3 e6 6. Be3 Be7 7. f3 Nc6 8. Qd2
O-O 9. O-O-O d5 10. exd5 Nxd5 11. Nxd5 Qxd5 12. c4 Qd6 13. Nb5 Qb8 14. Qc2 {
Black seems to be holding this line, since his only real worry is to complete
his development.} (14. Bd3 Rd8 15. Qc2 (15. Qe2 Nb4 16. Bb1 Bd7 17. Nc3 Qe5 18.
f4 Qa5 19. a3 Nc6 20. h4 Be8 21. h5 {1-0 Sanchez,J-Guido,F/Bratto 2004/ (42)})
15... f5 16. Qf2 b6 17. Qg3 Qxg3 18. hxg3 Nb4 19. Bb1 Ba6 20. a4 Rdc8 21. b3
Nd5 22. Bd4 Nf6 23. Rhe1 Kf7 {1/2-1/2 Ziatdinov,R-Ionov,S/St Petersburg 2003/ 
(45)}) 14... e5 15. a3 (15. Bd3 Nb4 16. Qb1 (16. Bxh7+ $2 Kh8 17. Qb1 g6 18.
Bxg6 fxg6 19. Qxg6 Nxa2+ 20. Kd2 Bf5 $19) 16... Nxd3+ 17. Qxd3 Be6 $17) (15.
Nc3 Be6 16. a3 Rc8 17. Nd5 b5 $15) 15... Be6 16. Bd3 $6 (16. Kb1 Na5 17. Qa4 b6
18. Nc3 Rc8 19. Nd5 $11) 16... Na5 $1 17. b4 $2 {Kosteniuk, confronted with
excellent play by Black, is making a reckless move that loses immediately.} (
17. Bxh7+ Kh8 18. Bd3 Rc8 19. b3 a6 20. Nc3 b5 $17) 17... Nxc4 $1 18. Bxc4 Rc8
19. Bc5 (19. Bxe6 Rxc2+ 20. Kxc2 fxe6 $19) 19... Bxc5 20. bxc5 (20. Bxe6 Be3+
21. Kb1 Rxc2 $19) 20... Rxc5 21. Nd6 Bxc4 22. Kb2 (22. Nxc4 Qc7 $19) 22... Qc7
23. Nxc4 Rxc4 0-1

[Event "Minneapolis HB Global op"]
[Site "Minneapolis"]
[Date "2005.05.22"]
[Round "8"]
[White "Najer, Evgeniy"]
[Black "Ehlvest, Jaan"]
[Result "1/2-1/2"]
[WhiteElo "2615"]
[BlackElo "2614"]
[Annotator "Ftacnik,L"]
[PlyCount "117"]
[EventDate "2005.05.18"]
[EventType "swiss"]
[EventRounds "9"]
[EventCountry "USA"]
[SourceTitle "CBM 107"]
[Source "ChessBase"]
[SourceDate "2005.08.01"]
[SourceVersion "1"]
[SourceVersionDate "2005.08.01"]
[SourceQuality "1"]

1. e4 c5 2. Nf3 d6 3. d4 cxd4 4. Nxd4 Nf6 5. Nc3 e6 6. Be3 a6 7. f3 Nc6 8. Qd2
Be7 9. g4 O-O 10. O-O-O Nxd4 11. Bxd4 b5 12. g5 Nd7 13. h4 b4 14. Na4 Bb7 15.
Nb6 $1 {This must be a good move as white exchanges his challenged knight on
a4 for the good piece on d7.} (15. g6 Bc6 16. h5 Bg5 17. f4 Bh6 18. Qxb4 Bxf4+
19. Kb1 Rb8 {0-1 Cubas,J-Milos,G/Sao Paulo 2004/ (28)}) 15... Nxb6 (15... Rb8
16. Nxd7 Qxd7 17. Kb1 Qc7 18. Bd3 Bc8 19. h5 e5 20. Be3 Be6 21. Rdg1 a5 22. g6
{1-0 Fischer,R-Spassky,B/Belgrade 1992/ (35)}) 16. Qxb4 Rb8 (16... d5 17. Qxb6
Qd7 18. Bc3 $14) 17. Bxb6 d5 18. Bc5 (18. Bxd8 Bxb4 19. Bc7 Rbc8 20. Bf4 dxe4
21. a3 $14) (18. Qd4 Qc8 19. e5 Bc6 20. f4 $14) 18... Bxc5 19. Qxc5 {Limited
number of light pieces will make it very difficult for black to get
compensation for the sacrificed pawn.} Qd7 20. Qd4 Rfc8 21. Rh2 (21. exd5 Qc7
22. Rd2 Bxd5 23. Bxa6 Rd8 24. Rhd1 Ra8 $132) 21... a5 22. Qe5 (22. h5 Qe7 23.
Qe5 $16) 22... Bc6 23. Rhd2 Kf8 24. Ba6 $6 {Not really a bad move, but
exchange of the bishops on d5 looks even more convincing.} (24. exd5 Bxd5 (
24... exd5 25. h5 $18) 25. Bc4 $1 Qb7 26. Bxd5 exd5 27. h5 Re8 28. Qd4 $16)
24... Qc7 25. Qxc7 (25. Qc3 Rd8 26. h5 Qb6 27. h6 $16) 25... Rxc7 26. e5 Ke7
27. Rd4 f6 28. exf6+ (28. f4 fxe5 29. fxe5 Rf8 30. Bd3 $16) 28... gxf6 29. f4
Kd6 30. R4d2 (30. gxf6 Rf8 31. Bd3 Rxf6 32. Re1 Rcf7 33. h5 $14) 30... Rb4 31.
Rf2 fxg5 (31... e5 32. gxf6 Rxf4 33. Rdf1 Rxf2 34. Rxf2 Rf7 35. Be2 e4 36. Bh5
Rf8 37. c3 Ke5 38. f7 $16) 32. hxg5 Rf7 33. Rdf1 Bb5 {[%mdl 4096] Ehlvest si
fighting like a lion and white will have to work hard in order to win the rook
endgame.} (33... d4 34. c3 dxc3 35. bxc3 Ra4 36. c4 $16) 34. Bxb5 Rxb5 35. a4 (
35. c3 Rb8 36. Kc2 $16) 35... Rbb7 36. f5 (36. c3 Rf5 37. Kc2 Rbf7 38. Kd3 $16)
36... Rb4 $1 37. b3 (37. fxe6 Rxf2 38. Rxf2 Kxe6 39. Rf6+ Ke5 40. Rf7 Rxa4 41.
Rxh7 Rg4 $11) 37... Rg4 38. fxe6 Rxf2 39. Rxf2 Rxg5 (39... Kxe6 40. Rf6+ Ke5
41. Ra6 Rxg5 42. Rxa5 h5 43. Ra6 $14) 40. Rf7 h5 (40... Kxe6 41. Rxh7 $16) 41.
e7 Re5 42. Rh7 Rxe7 43. Rxh5 Kc5 $5 {The endgame should be lost as the
weakness of a5 pawn seriously ties down black pieces.} 44. Rh6 (44. c4 Kb4 45.
cxd5 Kxb3 46. d6 Rd7 $11) 44... Ra7 45. Kb2 (45. c3 $1 Ra8 (45... Rg7 46. Ra6
Rg1+ 47. Kb2 Rg2+ 48. Ka3 Rc2 49. Rxa5+ Kb6 50. Kb4 $18) 46. Kb2 Ra7 47. Ka3
Ra8 48. b4+ Kc4 49. Rc6+ Kd3 50. bxa5 $16) 45... Kd4 46. Re6 (46. c3+ Ke5 47.
Rh5+ Ke4 48. Rh4+ Ke5 49. Rh8 $16) 46... Ra8 47. Re7 (47. c3+ Kd3 48. Rd6 Ke4
49. Kc2 Ke5 50. Rh6 $16) 47... Ra6 48. Rd7 Ke4 49. Kc3 Rc6+ 50. Kd2 d4 51. Rb7
{The rook would love to land on d5, but black can organize enough counterplay
to prevent it.} (51. Re7+ Kd5 52. Ra7 Rc5 53. Rh7 Ke4 54. Rh4+ Kd5 55. Rh5+ Kd6
56. Rxc5 Kxc5 57. Kc1 Kd5 58. Kb2 Kd6 59. Ka3 Kc5 60. b4+ axb4+ 61. Kb3 $18)
51... Rh6 52. Re7+ (52. Rb5 Rh2+ 53. Kc1 d3 $1 $11) 52... Kd5 53. Ra7 Rh2+ 54.
Kc1 Ke4 55. Rxa5 d3 56. Rc5 $4 {A terrible slip of attention, it was of course
natural to exchange the last black pawn and win with the pair of own marching
peasants.} (56. cxd3+ Kxd3 (56... Kd4 57. Rb5 Kc3 58. Kb1 Rb2+ 59. Ka1 Rg2 60.
a5 $18) 57. Rc5 Rg2 58. a5 $18) 56... Rh1+ 57. Kd2 (57. Kb2 $2 d2 $19) 57...
Rh2+ 58. Kc1 Rh1+ 59. Kd2 1/2-1/2